[Event "IECG CN.2002.0.00301 email"]
[Site "IECG email"]
[Date "2002.07.16"]
[Round "?"]
[White "Rosenberger, Jerome"]
[Black "Castellano, Antonio Jr"]
[Result "1-0"]
[WhiteElo "901"]
[BlackElo "800"]
[PlyCount "77"]
[EventDate "2002.07.16"]
[EventType "tourn (corr)"]
[EventRounds "6"]
[SourceTitle "Corr 2008"]
[Source "ChessBase"]
[SourceDate "2008.06.24"]
[SourceVersion "1"]
[SourceVersionDate "2008.06.24"]
[SourceQuality "1"]

1. d4 d5 2. e3 Nc6 3. c3 Nf6 4. Bd3 g6 5. f4 Bg7 6. Nf3 0-0 7. Nbd2 Bg4 8. 0-0 e6 9. e4 dxe4 10. Nxe4 Qd5 11. Nxf6+ Bxf6 12. Qb3 Qxb3 13. axb3 Ne7 14. Ne5 Bf5 15. Bxf5 Bxe5 16. Be4 Bd6 17. Bxb7 Rab8 18. Rxa7 Nc8 19. Bxc8 Rfxc8 20. b4 Kf8 21. Ra5 Ke7 22. Be3 f5 23. Rfa1 c6 24. Kf2 h5 25. Kf3 Kf6 26. Bf2 Ke7 27. b3 Kd7 28. Bh4 Rb7 29. g3 Rcb8 30. Bf6 Rb6 31. Ra7+ R8b7 32. Ra8 Rb8 33. R1a7+ Kc8 34. Be5 Bxe5 35. fxe5 R6b7 36. Rxb8+ Kxb8 37. Rxb7+ Kxb7 38. h4 Kc7 39. Kf4 1-0

[Event "IECG CN.2002.0.00301 email"]
[Site "IECG email"]
[Date "2002.07.16"]
[Round "?"]
[White "Rosenberger, Jerome"]
[Black "Portal, Angel"]
[Result "1-0"]
[WhiteElo "901"]
[BlackElo "800"]
[PlyCount "80"]
[EventDate "2002.07.16"]
[EventType "tourn (corr)"]
[EventRounds "6"]
[SourceTitle "Corr 2008"]
[Source "ChessBase"]
[SourceDate "2008.06.24"]
[SourceVersion "1"]
[SourceVersionDate "2008.06.24"]
[SourceQuality "1"]

1. d4 d5 2. e3 Nc6 3. c3 Bd7 4. Bd3 Nf6 5. Nd2 e6 6. f4 Be7 7. Ngf3 0-0 8. 0-0 Rc8 9. Ne5 Nxe5 10. fxe5 Ne8 11. b4 c6 12. e4 f6 13. exf6 Nxf6 14. e5 Ne8 15. Rxf8+ Bxf8 16. Qf3 Qe7 17. Nb3 b6 18. Bd2 c5 19. Rf1 cxd4 20. Bg5 Nf6 21. exf6 Qf7 22. fxg7 Qxf3 23. Rxf3 Bxg7 24. cxd4 Bc6 25. Rh3 h6 26. Bxh6 Bxh6 27. Rxh6 Kg7 28. Rxe6 Kf7 29. Rh6 Bd7 30. Rh7+ Ke8 31. Bg6+ Kd8 32. Rxd7+ Kxd7 33. Bf5+ Kc7 34. Bxc8 Kxc8 35. a4 Kd7 36. g4 Ke6 37. Nc5+ Kf6 38. h4 Kg6 39. Nd7 Kf7 40. Nxb6 axb6 1-0

[Event "IECG CN.2002.0.00301 email"]
[Site "IECG email"]
[Date "2002.07.16"]
[Round "?"]
[White "Thurrott, Allan"]
[Black "Rosenberger, Jerome"]
[Result "0-1"]
[WhiteElo "965"]
[BlackElo "901"]
[PlyCount "92"]
[EventDate "2002.07.16"]
[EventType "tourn (corr)"]
[EventRounds "6"]
[SourceTitle "Corr 2008"]
[Source "ChessBase"]
[SourceDate "2008.06.24"]
[SourceVersion "1"]
[SourceVersionDate "2008.06.24"]
[SourceQuality "1"]

1. e4 c5 2. Nf3 Nc6 3. d4 cxd4 4. Nxd4 Nf6 5. Nc3 d6 6. Bg5 g6 7. Bxf6 exf6 8. Qd2 Bg7 9. Ndb5 0-0 10. Nxd6 Qe7 11. 0-0-0 Rd8 12. Nxc8 Raxc8 13. Qe3 f5 14. Nd5 Qe5 15. c3 fxe4 16. f4 Qe6 17. Qh3 Qxh3 18. gxh3 Kf8 19. Be2 Nd4 20. Bf1 Rxd5 21. Kb1 Bh6 22. Rxd4 Rxd4 23. cxd4 Bxf4 24. Bg2 Re8 25. Re1 f5 26. Re2 Rc8 27. Rc2 Rd8 28. Rf2 Be3 29. Re2 Bxd4 30. Rd2 Kf7 31. Kc2 Ke6 32. Re2 Ke5 33. b3 a5 34. Bh1 Rc8+ 35. Kd1 Rc3 36. Bg2 Be3 37. Rc2 Rxc2 38. Kxc2 f4 39. Bf1 f3 40. Kd1 Bf2 41. a4 e3 42. Bc4 Kd4 43. Bf1 Kc3 44. Bc4 e2+ 45. Bxe2 fxe2+ 46. Kxe2 Bg1 0-1

[Event "IECG CN.2002.0.00298 email"]
[Site "IECG email"]
[Date "2002.06.19"]
[Round "?"]
[White "Rosenberger, Jerome"]
[Black "Venturas, Bob"]
[Result "1/2-1/2"]
[WhiteElo "886"]
[BlackElo "670"]
[PlyCount "88"]
[EventDate "2002.06.19"]
[EventType "tourn (corr)"]
[EventRounds "6"]
[SourceTitle "Corr 2008"]
[Source "ChessBase"]
[SourceDate "2008.06.24"]
[SourceVersion "1"]
[SourceVersionDate "2008.06.24"]
[SourceQuality "1"]

1. d4 d5 2. e3 Nf6 3. Bd3 Nc6 4. Nd2 e5 5. c3 e4 6. Bc2 Ng4 7. Qe2 Bd6 8. f3 Qh4+ 9. g3 Bxg3+ 10. Kf1 Nxh2+ 11. Kg2 Bf5 12. c4 Nb4 13. Ba4+ c6 14. cxd5 0-0 15. Nxe4 Bxe4 16. fxe4 f5 17. Bd2 fxe4 18. Be1 Bxe1 19. Qxe1 Qxe1 20. Rxe1 Nd3 21. Re2 Nf3 22. dxc6 bxc6 23. Bxc6 Rac8 24. Bxe4 Nfe1+ 25. Kg3 h6 26. Nf3 Nxf3 27. Bxf3 Nb4 28. a3 Nc6 29. Bg4 Rcd8 30. Rc1 Rf6 31. Rf2 Rg6 32. Kh4 Rgd6 33. d5 Ne5 34. e4 Nd3 35. Rff1 Nxc1 36. Rxc1 Kf8 37. Be6 Rb8 38. Rc7 a6 39. Rf7+ Ke8 40. b4 Rbb6 41. Rxg7 Rxe6 42. dxe6 Rxe6 43. Kh5 Rxe4 44. Kxh6 Re3 1/2-1/2

[Event "IECG RN.2002.0.00012"]
[Site "IECG email"]
[Date "2002.01.29"]
[Round "?"]
[White "Rosenberger, Jerome"]
[Black "Beaver, Michael Andrew"]
[Result "1-0"]
[WhiteElo "855"]
[BlackElo "903"]
[PlyCount "33"]
[EventDate "2002.01.29"]
[EventType "tourn (corr)"]
[EventRounds "6"]
[SourceTitle "Corr 2008"]
[Source "ChessBase"]
[SourceDate "2008.06.24"]
[SourceVersion "1"]
[SourceVersionDate "2008.06.24"]
[SourceQuality "1"]

1. d4 d5 2. e3 Nc6 3. Bd3 Nf6 4. Nd2 e6 5. f4 Bd6 6. Ngf3 0-0 7. 0-0 Ng4 8. Ne5 Nxe3 9. Bxh7+ Kxh7 10. Qh5+ Kg8 11. Rf3 Nf5 12. Rh3 Nh6 13. Ndf3 Qf6 14. g4 Qxf4 15. Bxf4 Bxe5 16. dxe5 Kh7 17. Bxh6 1-0

[Event "IECG RN.2002.0.00012"]
[Site "IECG email"]
[Date "2002.01.29"]
[Round "?"]
[White "Rosenberger, Jerome"]
[Black "Romer, Marko"]
[Result "0-1"]
[WhiteElo "855"]
[BlackElo "800"]
[PlyCount "62"]
[EventDate "2002.01.29"]
[EventType "tourn (corr)"]
[EventRounds "6"]
[SourceTitle "Corr 2008"]
[Source "ChessBase"]
[SourceDate "2008.06.24"]
[SourceVersion "1"]
[SourceVersionDate "2008.06.24"]
[SourceQuality "1"]

1. d4 Nf6 2. e3 g6 3. Bd3 d6 4. f4 Bg7 5. Nf3 Nbd7 6. 0-0 0-0 7. Nbd2 e5 8. fxe5 dxe5 9. c3 Bh6 10. Ne4 Ng4 11. Qe2 f5 12. Ng3 e4 13. Bc4+ Kh8 14. Ne5 Ndxe5 15. dxe5 Nxh2 16. Rd1 Qh4 17. Kf2 Ng4+ 18. Ke1 Qxg3+ 19. Kd2 Nxe3 20. Bd5 Rd8 21. c4 Nxd5+ 22. Kc2 Nb4+ 23. Kb1 Rxd1 24. Qxd1 Bf8 25. a3 Nd3 26. Qc2 Be6 27. b3 Nxc1 28. Kxc1 Rd8 29. Kb2 Qxe5+ 30. Ka2 e3 31. Re1 Rd2 0-1

[Event "IECG RN.2001.0.00010"]
[Site "IECG email"]
[Date "2001.11.28"]
[Round "?"]
[White "Venturas, Bob"]
[Black "Rosenberger, Jerome"]
[Result "1/2-1/2"]
[WhiteElo "493"]
[BlackElo "724"]
[PlyCount "79"]
[EventDate "2001.11.28"]
[EventType "tourn (corr)"]
[EventRounds "6"]
[SourceTitle "Corr 2008"]
[Source "ChessBase"]
[SourceDate "2008.06.24"]
[SourceVersion "1"]
[SourceVersionDate "2008.06.24"]
[SourceQuality "1"]

1. e4 e5 2. Nf3 Nc6 3. Bb5 Bc5 4. d3 Nf6 5. Bxc6 dxc6 6. Nxe5 Qd4 7. 0-0 0-0 8. Nf3 Qd6 9. e5 Qe6 10. exf6 Qxf6 11. Re1 Bg4 12. Nc3 Rfe8 13. Ne4 Qg6 14. Be3 Bxe3 15. Rxe3 f5 16. Ned2 Rxe3 17. fxe3 Re8 18. Qe2 c5 19. d4 cxd4 20. Qc4+ Kh8 21. Qxd4 Qb6 22. Qxb6 cxb6 23. Re1 Bxf3 24. Nxf3 g6 25. Kf2 b5 26. Nd4 a6 27. a3 Kg7 28. Rd1 Kf6 29. h3 Re4 30. Rd3 h5 31. Ne2 Re6 32. Nf4 Rc6 33. c3 h4 34. Rd7 g5 35. Nh5+ Kg6 36. Ng7 b6 37. Ne8 Rc5 38. Rd6+ Kf7 39. Rd8 Ke7 40. Ra8 1/2-1/2

[Event "IECG CN.2000.0.00223"]
[Site "IECG email"]
[Date "2000.11.16"]
[Round "?"]
[White "Rosenberger, Jerome"]
[Black "Zednik, Martin"]
[Result "0-1"]
[WhiteElo "703"]
[BlackElo "800"]
[PlyCount "52"]
[EventDate "2000.11.16"]
[EventType "tourn (corr)"]
[EventRounds "6"]
[SourceTitle "Corr 2008"]
[Source "ChessBase"]
[SourceDate "2008.06.24"]
[SourceVersion "1"]
[SourceVersionDate "2008.06.24"]
[SourceQuality "1"]

1. e4 e5 2. Nf3 Nc6 3. Bb5 a6 4. Ba4 Nf6 5. 0-0 Be7 6. Re1 b5 7. Bb3 0-0 8. d4 Nxd4 9. Nxd4 exd4 10. c3 dxc3 11. Nxc3 b4 12. Nd5 Nxd5 13. Bxd5 c6 14. Bc4 d6 15. b3 Bf6 16. Bf4 Bxa1 17. Qxa1 Be6 18. Bd3 c5 19. e5 dxe5 20. Bxe5 Qxd3 21. Bxg7 Rfd8 22. Bh6 Qc3 23. Qd1 Rxd1 24. Rxd1 Qb2 25. h3 Qxa2 26. Rd3 Qb1+ 0-1

[Event "IECG CN.2000.0.00202"]
[Site "IECG email"]
[Date "2000.07.10"]
[Round "?"]
[White "Parrilla, Antonio"]
[Black "Rosenberger, Jerome"]
[Result "1-0"]
[WhiteElo "953"]
[BlackElo "800"]
[PlyCount "51"]
[EventDate "2000.07.10"]
[EventType "tourn (corr)"]
[EventRounds "6"]
[SourceTitle "Corr 2008"]
[Source "ChessBase"]
[SourceDate "2008.06.24"]
[SourceVersion "1"]
[SourceVersionDate "2008.06.24"]
[SourceQuality "1"]

1. e4 e5 2. Nf3 Nc6 3. Bb5 a6 4. Bxc6 bxc6 5. 0-0 Nf6 6. Nxe5 Qe7 7. f4 Qc5+ 8. d4 Qb6 9. Re1 Bb7 10. b3 c5 11. d5 d6 12. Nc4 Qa7 13. e5 dxe5 14. Rxe5+ Be7 15. d6 0-0-0 16. Rxe7 Ba8 17. Bb2 Qb7 18. Qe2 Qxg2+ 19. Qxg2 Bxg2 20. dxc7 Rd7 21. Nb6+ Kxc7 22. Nxd7 Nxd7 23. Kxg2 f5 24. Na3 Kd6 25. Rxg7 Re8 26. Rd1+ 1-0

[Event "IECG CN.2000.0.00180"]
[Site "IECG email"]
[Date "2000.03.05"]
[Round "?"]
[White "Raschke, Andreas"]
[Black "Rosenberger, Jerome"]
[Result "1-0"]
[WhiteElo "800"]
[BlackElo "800"]
[PlyCount "85"]
[EventDate "2000.03.05"]
[EventType "tourn (corr)"]
[EventRounds "6"]
[SourceTitle "Corr 2008"]
[Source "ChessBase"]
[SourceDate "2008.06.24"]
[SourceVersion "1"]
[SourceVersionDate "2008.06.24"]
[SourceQuality "1"]

1. d4 Nf6 2. Nf3 g6 3. c4 Bg7 4. g3 0-0 5. Bg2 Nc6 6. 0-0 d6 7. Nc3 e6 8. Bf4 b6 9. Ne5 dxe5 10. Bxc6 Rb8 11. Bxe5 Bb7 12. Qa4 Ng4 13. Bxg7 Kxg7 14. Bxb7 Rxb7 15. Qc6 Rb8 16. e3 Qg5 17. Qxc7 Qh6 18. h4 g5 19. Kg2 gxh4 20. Rh1 Kh8 21. Rxh4 Qg5 22. Rah1 Qf5 23. Qf4 Qxf4 24. Rxh7+ Kg8 25. gxf4 Nf6 26. R7h3 Kg7 27. Rg3+ Ng4 28. Rxg4+ Kf6 29. Rh7 Ke7 30. Ne4 Rbc8 31. c5 Rb8 32. b3 Rh8 33. Rgg7 Rxh7 34. Rxh7 Rg8+ 35. Ng5 bxc5 36. dxc5 Ke8 37. Rxf7 e5 38. Rxa7 Rg6 39. Kf3 exf4 40. Kxf4 Rf6+ 41. Ke5 Rxf2 42. Ne4 Kd8 43. Nxf2 1-0